Jesuitas : vida y muerte en Centroamérica /

Relación de la labor apostólica desarrollada por la Compañía de Jesús en El Salvador –aunque reúne imágenes y/o comentarios referentes a Nicaragua y Panamá- en el contexto del conflicto armado que enfrentó durante las tres décadas finales del siglo XX al Estado y la guerrilla. El reportaje está enfo...

Descripció completa

Guardat en:
Dades bibliogràfiques
Autor principal: Calle, Rolando (realización)
Autor corporatiu: Grupo Colibrí (música)
Altres autors: Martínez, Walter (realización) (realización), Serrano, Tomás (realización) (realización)
Format: Diapositiva
Idioma:espanyol
Publicat: Quito, Ecuador : Compañía de Jesús, Provincia Ecuatoriana, Centro de Comunicación, 1991, c1991
Col·lecció:(Hombres y Pueblos en Testimonios)
Matèries:
Etiquetes: Afegir etiqueta
Sense etiquetes, Sigues el primer a etiquetar aquest registre!

MARC

LEADER 00000ngm^a2200000^a^4500
001 000276082
005 20250521000000.0
009 20260310111251.783
037 |a Acervo Xavier Clavigero 
041 |a ESP 
082 |a 255. 53009728405  |b CAL 
100 |a Calle, Rolando  |e (realización) 
245 1 0 |a Jesuitas :  |b vida y muerte en Centroamérica /  |c Realización de R. Calle, W. Martínez, T. Serrano. 
264 4 |a Quito, Ecuador :  |b Compañía de Jesús, Provincia Ecuatoriana, Centro de Comunicación,  |c 1991, c1991 
264 2 |a México :  |b Centro de Comunicación Javier [distribución],  |c fecha no identificada 
300 |a 1 videocasete VHS (34 min.) :  |b color 
336 |a imagen móvil bidimensional  |b tdi  |2 rdacontenido 
337 |a video  |b v  |2 rdamedio 
338 |a videocasete  |b vf  |2 rdasoporte 
440 1 |a (Hombres y Pueblos en Testimonios) 
520 |a Relación de la labor apostólica desarrollada por la Compañía de Jesús en El Salvador –aunque reúne imágenes y/o comentarios referentes a Nicaragua y Panamá- en el contexto del conflicto armado que enfrentó durante las tres décadas finales del siglo XX al Estado y la guerrilla. El reportaje está enfocado en el escenario configurado con el asesinato de seis jesuitas (Ignacio Ellacuría, Ignacio Martín Baró, Segundo Montes, Armando López, Juan Ramón Moreno y Joaquín López y López) y dos colaboradoras suyas (Elba Julia Ramos y su hija Celina) el 16 de noviembre de 1989 en las instalaciones de la Universidad Centroamericana José Simeón Cañas (UCA), perpetrado por un pelotón del Batallón Atlacatl de las fuerzas armadas salvadoreñas. 
649 |a XX 
650 |a Jesuitas en El Salvador -  |x Historia -  |y 1989-1994 
650 |a Jesuitas en El Salvador -  |x Historia -  |y Siglo XX -  |x Tema Principal 
650 |a Jesuitas en América Central -  |x Historia -  |y 1980-1989 
650 |a Jesuitas en América Central -  |x Historia -  |y Siglo XX 
650 |a Religiosos Españoles 
650 |a Religiosos Salvadoreños 
650 |a Monasticismo y Ordenes Religiosas -  |z El Salvador -  |x Historia -  |y 1989-1994 
650 |a Monasticismo y Ordenes Religiosas -  |z América Central -  |x Historia -  |y 1980-1989 
650 |a Iglesia y Problemas Sociales -  |z El Salvador -  |x Historia -  |y 1989-1994 
650 |a Iglesia y Problemas Sociales -  |z América Central -  |x Historia -  |y 1980-1989 
650 |a Asesinato Político -  |z El Salvador -  |x Historia -  |y 1989-1994 
650 |a Represión -  |z El Salvador -  |x Historia -  |y 1989-1994 
650 |a Violencia Política -  |z El Salvador -  |x Historia -  |y 1989-1994 
650 |a Iglesia Católica en El Salvador -  |x Historia -  |y 1989-1994 
650 |a Iglesia Católica en América Central -  |x Historia -  |y 1980-1989 
650 |a Catolicismo -  |z El Salvador -  |x Historia -  |y 1989-1994 
650 |a Catolicismo -  |z América Central -  |x Historia -  |y 1980-1989 
650 |a Cristianismo y Política -  |z El Salvador -  |x Historia -  |y 1989-1994 
650 |a Cristianismo y Política -  |z América Central -  |x Historia -  |y 1980-1989 
650 |a El Salvador -  |x Condiciones Políticas 
650 |a Política y Religión -  |z El Salvador -  |x Historia -  |y 1989-1994 
650 |a Política -  |z El Salvador -  |x Historia -  |y 1989-1994 
650 |a Política -  |z El Salvador -  |x Historia -  |y Siglo XX 
650 |a América Central -  |x Condiciones Políticas 
650 |a Política y Religión -  |z América Central -  |x Historia -  |y 1980-1989 
650 |a Política -  |z América Central -  |x Historia -  |y 1980-1989 
650 |a Política -  |z América Central -  |x Historia -  |y Siglo XX 
650 |a Religión -  |z El Salvador -  |x Historia -  |y 1989-1994 
650 |a Religión -  |z América Central -  |x Historia -  |y 1980-1989 
650 |a Ellacuría, Ignacio 
650 |a López Quintana, Amando 
650 |a López y López, Joaquín 
650 |a Martín-Baró, Ignacio 
650 |a Montes Mozo, Segundo 
650 |a Moreno Pardo, Juan Ramón 
710 |a Grupo Colibrí  |e (música) 
700 |a Martínez, Walter  |e (realización) 
700 |a Serrano, Tomás  |e (realización) 
910 |a Fondo General 
920 |a Audiovisuales - Videocasetes 
905 |a 301 
901 |a V00209  |b IT2  |c VIS  |u 20250521 
902 |a https://opac.biblio.iteso.mx/vufind/Record/000276082